[Event "Tenerife-chT"]
[Site "Tenerife"]
[Date "2006.05.06"]
[Round "13"]
[White "Peraza Vos Van Zalingen, Jorge"]
[Black "Perez Gutierrez, Nauzet"]
[Result "0-1"]
[WhiteElo "2160"]
[BlackElo "2012"]
[PlyCount "130"]
[EventDate "2006.01.28"]
[EventType "team"]
[EventRounds "14"]
[EventCountry "ESP"]
[SourceTitle "EXT 2007"]
[Source "ChessBase"]
[SourceDate "2006.11.23"]
[SourceVersion "1"]
[SourceVersionDate "2006.11.23"]
[SourceQuality "1"]

1. e4 e5 2. Nf3 Nf6 3. Nc3 Bb4 4. a3 Bxc3 5. dxc3 0-0 6. Nxe5 d6 7. Nf3 Nxe4 8. Be2 Nc6 9. 0-0 Be6 10. Nd4 Nxd4 11. cxd4 d5 12. f3 Nd6 13. Bf4 Qd7 14. Qd2 Rad8 15. b3 Rfe8 16. Rfe1 c6 17. Bf1 Bf5 18. a4 f6 19. Qc3 Nf7 20. Bd3 Bxd3 21. Qxd3 Rxe1+ 22. Rxe1 Re8 23. Re3 Nd8 24. h4 Rxe3 25. Qxe3 Qe6 26. Kf2 Qxe3+ 27. Kxe3 Kf7 28. g4 g6 29. Bc7 Ne6 30. Bd6 Ke8 31. Bb8 a6 32. Bd6 Kd7 33. Bg3 Ng7 34. Kd3 Ne6 35. Ke3 Ng7 36. Kd2 Ke6 37. Bf4 Kd7 38. Kc3 Ne6 39. Be3 h5 40. Kb4 f5 41. gxf5 gxf5 42. Ka5 Kc8 43. Kb6 Nf8 44. Bf4 Nd7+ 45. Ka7 c5 46. c3 cxd4 47. cxd4 Nf8 48. Bg5 Ne6 49. Bf6 Kc7 50. Be5+ Kc6 51. b4 Nf8 52. Bf6 Nd7 53. Bd8 Nf8 54. Kb8 Ne6 55. Bf6 Nf4 56. Kc8 b5 57. a5 Nd3 58. Be7 Ne1 59. f4 Nd3 60. Kb8 Nxf4 61. Ka7 Ne6 62. Bf6 f4 63. Be5 f3 64. Bg3 Nxd4 65. Kxa6 Nc2 0-1

[Event "Tenerife-chT"]
[Site "Tenerife"]
[Date "2006.04.22"]
[Round "11"]
[White "Martin Luis, Cesar"]
[Black "Peraza Vos Van Zalingen, Jorge"]
[Result "1-0"]
[WhiteElo "2246"]
[BlackElo "2160"]
[PlyCount "49"]
[EventDate "2006.01.28"]
[EventType "team"]
[EventRounds "14"]
[EventCountry "ESP"]
[SourceTitle "EXT 2007"]
[Source "ChessBase"]
[SourceDate "2006.11.23"]
[SourceVersion "1"]
[SourceVersionDate "2006.11.23"]
[SourceQuality "1"]

1. e4 d5 2. exd5 Qxd5 3. Nc3 Qd6 4. d4 Nf6 5. Nf3 a6 6. Be2 g6 7. 0-0 Bg7 8. Ne5 Nc6 9. Bf4 Qd8 10. Nxc6 bxc6 11. Bf3 Nd5 12. Qd2 0-0 13. Bh6 Bxh6 14. Qxh6 Rb8 15. Ne4 Rxb2 16. Ng5 Nf6 17. Rae1 Bf5 18. Be4 e6 19. c3 c5 20. Bxf5 exf5 21. Re3 Qd6 22. dxc5 Qf4 23. Re7 Qd2 24. Rxc7 Qf4 25. Rc6 1-0

[Event "Tenerife-chT"]
[Site "Tenerife"]
[Date "2006.02.11"]
[Round "3"]
[White "Peraza Vos Van Zalingen, Jorge"]
[Black "Exposito Afonso, Ramon"]
[Result "1-0"]
[WhiteElo "2160"]
[BlackElo "1945"]
[PlyCount "31"]
[EventDate "2006.01.28"]
[EventType "team"]
[EventRounds "14"]
[EventCountry "ESP"]
[SourceTitle "EXT 2007"]
[Source "ChessBase"]
[SourceDate "2006.11.23"]
[SourceVersion "1"]
[SourceVersionDate "2006.11.23"]
[SourceQuality "1"]

1. e4 c5 2. Nf3 Nc6 3. d4 cxd4 4. Nxd4 Nf6 5. Nc3 e5 6. Ndb5 d6 7. Bg5 a6 8. Na3 b5 9. Nd5 Qa5+ 10. Bd2 Qd8 11. c4 bxc4 12. Nxc4 Nxe4 13. Ncb6 Nxd2 14. Nxa8 Nxf1 15. Nac7+ Kd7 16. Qg4+ 1-0

[Event "Tenerife-chT"]
[Site "Tenerife"]
[Date "2005.01.15"]
[Round "1"]
[White "Lopez Pereyra, Antonio"]
[Black "Peraza Vos Van Zalingen, Jorge"]
[Result "0-1"]
[WhiteElo "2179"]
[BlackElo "2170"]
[PlyCount "56"]
[EventDate "2005.01.15"]
[EventType "team"]
[EventRounds "12"]
[EventCountry "ESP"]
[SourceTitle "EXT 2006"]
[Source "ChessBase"]
[SourceDate "2005.11.24"]
[SourceVersion "1"]
[SourceVersionDate "2005.11.24"]
[SourceQuality "1"]

1. e4 d5 2. d4 c6 3. e5 Bf5 4. Nc3 e6 5. g4 Bg6 6. Nge2 c5 7. h4 h6 8. Nf4 Bh7 9. Be3 Nc6 10. Bb5 Qa5 11. dxc5 Nge7 12. Qe2 0-0-0 13. a3 d4 14. b4 Nxb4 15. 0-0 Nxc2 16. c6 Nxa1 17. Na4 bxc6 18. Ba6+ Kc7 19. Qc4 dxe3 20. fxe3 Qxe5 21. Nc5 Qxe3+ 22. Kh1 Rd5 23. Nxd5+ Nxd5 24. Rxf7+ Be7 25. Bb7 Rf8 26. Rxe7+ Nxe7 27. Nxe6+ Kxb7 28. Qb4+ Kc8 0-1